000 00296cam a22001217a 4500
008 180718b1961 xxu||||| |||| 00| 0 eng d
082 _aA383 L146
100 _aLait, Robert
245 _aThe Africans
_cby Robert Lait
260 _aLondon
_bAnthony Gibbs
_c1961
300 _a189p.
500 _a15/-
999 _c370065
_d370065